Normal view
MARC view
- Wakil M.M.EL
Entry Personal Name
001 - CONTROL NUMBER
- control field: 54828
003 - CONTROL NUMBER IDENTIFIER
- control field: NUST
005 - DATE AND TIME OF LATEST TRANSACTION
- control field: 20210421120047.0
008 - FIXED-LENGTH DATA ELEMENTS
- fixed length control field: 210421|| aca||aabn | a|a d
040 ## - CATALOGING SOURCE
- Original cataloging agency: NUST
- Transcribing agency: NUST
100 ## - HEADING--PERSONAL NAME
- Personal name: Wakil M.M.EL
670 ## - SOURCE DATA FOUND
- Source citation: Work cat.: (NUST): Wakil M.M.EL, Nuclear Heat Transport, 1993America
